<?xml version="1.0" encoding="UTF-8"?>
<resp>
  <nextPage>https://data.bn.org.pl/api/networks/bibs.marcxml?marc=001+b1000000396016&amp;sinceId=1000000396017</nextPage>
  <collection>
    <record xmlns='http://www.loc.gov/MARC21/slim'><leader>05366nam a2201273 i 4500</leader><controlfield tag='001'>b1000000396016</controlfield><controlfield tag='005'>20260528085005.1</controlfield><controlfield tag='008'>190819s2019    pl ad  f     |000 0 pol  </controlfield><controlfield tag='009'>9910948112305606</controlfield><datafield ind1=' ' ind2=' ' tag='015'><subfield code='a'>UWD 2019/25639</subfield></datafield><datafield ind1=' ' ind2=' ' tag='020'><subfield code='a'>9788379722983</subfield><subfield code='q'>(oprawa miękka)</subfield></datafield><datafield ind1=' ' ind2=' ' tag='035'><subfield code='a'>(PL)b1000000396016</subfield></datafield><datafield ind1=' ' ind2=' ' tag='040'><subfield code='a'>WA N</subfield><subfield code='c'>WA N</subfield><subfield code='d'>WA N</subfield><subfield code='d'>KR U</subfield><subfield code='d'>WA N</subfield></datafield><datafield ind1='2' ind2=' ' tag='045'><subfield code='b'>d2011</subfield><subfield code='b'>d2018</subfield></datafield><datafield ind1=' ' ind2=' ' tag='046'><subfield code='k'>2019</subfield></datafield><datafield ind1=' ' ind2=' ' tag='080'><subfield code='8'>1.1\x</subfield><subfield code='a'>343.53(4)</subfield></datafield><datafield ind1=' ' ind2=' ' tag='080'><subfield code='8'>1.2\x</subfield><subfield code='a'>343.53(73)</subfield></datafield><datafield ind1=' ' ind2=' ' tag='080'><subfield code='8'>1.3\x</subfield><subfield code='a'>368(4)</subfield></datafield><datafield ind1=' ' ind2=' ' tag='080'><subfield code='8'>1.4\x</subfield><subfield code='a'>368(73)</subfield></datafield><datafield ind1=' ' ind2=' ' tag='084'><subfield code='a'>01</subfield></datafield><datafield ind1='0' ind2='0' tag='245'><subfield code='a'>Przestępczość ubezpieczeniowa :</subfield><subfield code='b'>uwarunkowania, skala, przeciwdziałanie /</subfield><subfield code='c'>Anna Bera, Dominika Kordela, Dariusz Pauch.</subfield></datafield><datafield ind1=' ' ind2=' ' tag='250'><subfield code='a'>Wydanie I.</subfield></datafield><datafield ind1=' ' ind2=' ' tag='260'><subfield code='a'>Szczecin :</subfield><subfield code='b'>[Wydawnictwo Naukowe Uniwersytetu Szczecińskiego],</subfield><subfield code='c'>2019.</subfield></datafield><datafield ind1=' ' ind2=' ' tag='300'><subfield code='a'>151 stron :</subfield><subfield code='b'>ilustracje, wykresy ;</subfield><subfield code='c'>24 cm.</subfield></datafield><datafield ind1=' ' ind2=' ' tag='336'><subfield code='a'>Tekst</subfield><subfield code='b'>txt</subfield><subfield code='2'>rdacontent</subfield></datafield><datafield ind1=' ' ind2=' ' tag='337'><subfield code='a'>Bez urządzenia pośredniczącego</subfield><subfield code='b'>n</subfield><subfield code='2'>rdamedia</subfield></datafield><datafield ind1=' ' ind2=' ' tag='338'><subfield code='a'>Wolumin</subfield><subfield code='b'>nc</subfield><subfield code='2'>rdacarrier</subfield></datafield><datafield ind1=' ' ind2=' ' tag='380'><subfield code='a'>Książki</subfield></datafield><datafield ind1=' ' ind2=' ' tag='380'><subfield code='a'>Publikacje fachowe</subfield></datafield><datafield ind1=' ' ind2=' ' tag='380'><subfield code='a'>Publikacje naukowe</subfield></datafield><datafield ind1='1' ind2=' ' tag='388'><subfield code='a'>2001-</subfield></datafield><datafield ind1='1' ind2=' ' tag='490'><subfield code='a'>Rozprawy i Studia / Uniwersytet Szczeciński,</subfield><subfield code='x'>0860-2751 ;</subfield><subfield code='v'>t. (1153) 1079</subfield></datafield><datafield ind1=' ' ind2=' ' tag='500'><subfield code='a'>Na stronie tytułowej także tom 1153. oznaczający numer kolejny serii Rozprawy i Studia do numeru 74. wydawanej przez Wyższą Szkołę Pedagogiczną w Szczecinie.</subfield></datafield><datafield ind1=' ' ind2=' ' tag='504'><subfield code='a'>Bibliografia, netografia, wykaz aktów prawnych na stronach 139-147.</subfield></datafield><datafield ind1=' ' ind2='7' tag='648'><subfield code='a'>2001-</subfield><subfield code='2'>DBN</subfield></datafield><datafield ind1=' ' ind2='7' tag='650'><subfield code='a'>Przestępczość ubezpieczeniowa</subfield><subfield code='2'>DBN</subfield></datafield><datafield ind1=' ' ind2='0' tag='650'><subfield code='a'>Insurance fraud</subfield><subfield code='z'>Poland.</subfield></datafield><datafield ind1=' ' ind2='0' tag='650'><subfield code='a'>Insurance fraud</subfield></datafield><datafield ind1=' ' ind2='7' tag='650'><subfield code='a'>Ubezpieczenia majątkowe</subfield><subfield code='2'>DBN</subfield></datafield><datafield ind1=' ' ind2='7' tag='650'><subfield code='a'>Ubezpieczenia na życie</subfield><subfield code='2'>DBN</subfield></datafield><datafield ind1=' ' ind2='7' tag='650'><subfield code='a'>Zwalczanie</subfield><subfield code='2'>DBN</subfield></datafield><datafield ind1=' ' ind2='7' tag='651'><subfield code='a'>Europa</subfield><subfield code='2'>DBN</subfield></datafield><datafield ind1=' ' ind2='7' tag='651'><subfield code='a'>Stany Zjednoczone (USA)</subfield><subfield code='2'>DBN</subfield></datafield><datafield ind1=' ' ind2='7' tag='651'><subfield code='a'>Polska</subfield><subfield code='2'>DBN</subfield></datafield><datafield ind1=' ' ind2='7' tag='655'><subfield code='a'>Opracowanie</subfield><subfield code='2'>DBN</subfield></datafield><datafield ind1=' ' ind2=' ' tag='658'><subfield code='a'>Prawo i wymiar sprawiedliwości</subfield></datafield><datafield ind1='1' ind2=' ' tag='700'><subfield code='a'>Bera, Anna</subfield><subfield code='e'>Autor</subfield></datafield><datafield ind1='1' ind2=' ' tag='700'><subfield code='a'>Pauch, Dariusz</subfield><subfield code='e'>Autor</subfield></datafield><datafield ind1='1' ind2=' ' tag='700'><subfield code='a'>Kordela, Dominika</subfield><subfield code='e'>Autor</subfield></datafield><datafield ind1='2' ind2=' ' tag='710'><subfield code='a'>Wydawnictwo Naukowe Uniwersytetu Szczecińskiego</subfield><subfield code='e'>Wydawca</subfield><subfield code='4'>pbl</subfield></datafield><datafield ind1=' ' ind2='0' tag='830'><subfield code='a'>Rozprawy i Studia - Uniwersytet Szczeciński</subfield><subfield code='x'>0860-2751 ;</subfield><subfield code='v'>t. 1079</subfield></datafield><datafield ind1=' ' ind2=' ' tag='852'><subfield code='8'>22335251720006926</subfield><subfield code='j'>0</subfield><subfield code='h'>MG_bg</subfield><subfield code='b'>TORU</subfield><subfield code='p'>300051307248</subfield><subfield code='c'>MG_bg</subfield></datafield><datafield ind1=' ' ind2=' ' tag='852'><subfield code='8'>22760378550008415</subfield><subfield code='j'>1</subfield><subfield code='b'>KP</subfield><subfield code='p'>000034068441</subfield><subfield code='c'>SB</subfield><subfield code='z'>U/14</subfield></datafield><datafield ind1=' ' ind2=' ' tag='852'><subfield code='8'>22804490700008206</subfield><subfield code='j'>1</subfield><subfield code='b'>BWE</subfield><subfield code='p'>E-076518</subfield><subfield code='c'>CZYT1</subfield></datafield><datafield ind1=' ' ind2=' ' tag='852'><subfield code='8'>22760378510008415</subfield><subfield code='j'>1</subfield><subfield code='b'>KP</subfield><subfield code='p'>000033714202</subfield><subfield code='c'>WG</subfield><subfield code='z'>343/349</subfield></datafield><datafield ind1=' ' ind2=' ' tag='852'><subfield code='b'>48OMNIS_NETWORK</subfield><subfield code='8'>9910948112305606</subfield></datafield><datafield ind1=' ' ind2=' ' tag='852'><subfield code='b'>48OMNIS_UMCS</subfield><subfield code='8'>991007740879707661</subfield></datafield><datafield ind1=' ' ind2=' ' tag='852'><subfield code='8'>22592816430005066</subfield><subfield code='j'>1</subfield><subfield code='h'>3.083.912 A</subfield><subfield code='b'>BN_PL</subfield><subfield code='p'>30001027664078</subfield><subfield code='c'>bk1</subfield></datafield><datafield ind1=' ' ind2=' ' tag='852'><subfield code='8'>22549372320005067</subfield><subfield code='j'>1</subfield><subfield code='h'>A 943756 II</subfield><subfield code='b'>BJ</subfield><subfield code='p'>1002708991</subfield><subfield code='c'>BJ_EGZ_A</subfield></datafield><datafield ind1=' ' ind2=' ' tag='852'><subfield code='8'>221041683440008831</subfield><subfield code='j'>1</subfield><subfield code='b'>2600-WZA</subfield><subfield code='p'>1088083366</subfield><subfield code='c'>190018</subfield><subfield code='z'> ## rok wyd. : 2019.</subfield></datafield><datafield ind1=' ' ind2=' ' tag='852'><subfield code='8'>221041683420008831</subfield><subfield code='j'>1</subfield><subfield code='b'>2600-WZA</subfield><subfield code='p'>1088084479</subfield><subfield code='c'>190017</subfield><subfield code='z'> ## rok wyd. : 2019.</subfield></datafield><datafield ind1=' ' ind2=' ' tag='852'><subfield code='8'>22549372290005067</subfield><subfield code='j'>1</subfield><subfield code='h'>B 789876 II</subfield><subfield code='b'>BJ</subfield><subfield code='p'>1002708992</subfield><subfield code='c'>BJ_MAG</subfield></datafield><datafield ind1=' ' ind2=' ' tag='852'><subfield code='b'>48OMNIS_WBPL</subfield><subfield code='8'>991000941219708836</subfield></datafield><datafield ind1=' ' ind2=' ' tag='852'><subfield code='8'>22103009110007661</subfield><subfield code='j'>1</subfield><subfield code='b'>10000</subfield><subfield code='p'>1011283857</subfield><subfield code='c'>U_BGmag</subfield></datafield><datafield ind1=' ' ind2=' ' tag='852'><subfield code='8'>22592816400005066</subfield><subfield code='j'>1</subfield><subfield code='h'>3.524.056</subfield><subfield code='b'>BN_PL</subfield><subfield code='p'>30001027664061</subfield><subfield code='c'>bk8</subfield></datafield><datafield ind1=' ' ind2=' ' tag='852'><subfield code='b'>48OMNIS_UMKWT</subfield><subfield code='8'>991001285989706926</subfield></datafield><datafield ind1=' ' ind2=' ' tag='852'><subfield code='8'>2264633620007664</subfield><subfield code='j'>1</subfield><subfield code='b'>BG</subfield><subfield code='p'>296699</subfield><subfield code='c'>AKG</subfield><subfield code='z'>2019/K-222</subfield></datafield><datafield ind1=' ' ind2=' ' tag='852'><subfield code='8'>22859034090008836</subfield><subfield code='j'>1</subfield><subfield code='b'>WBPL</subfield><subfield code='p'>230000307668</subfield><subfield code='c'>DUZIM_MG</subfield></datafield><datafield ind1=' ' ind2=' ' tag='852'><subfield code='8'>22126616660007669</subfield><subfield code='j'>1</subfield><subfield code='b'>WA_392</subfield><subfield code='p'>358537</subfield><subfield code='c'>GEN</subfield></datafield><datafield ind1=' ' ind2=' ' tag='852'><subfield code='8'>2246169720007665</subfield><subfield code='j'>1</subfield><subfield code='b'>48WBPOWYP</subfield><subfield code='p'>010-072532</subfield><subfield code='c'>WYPWYP</subfield></datafield><datafield ind1=' ' ind2=' ' tag='852'><subfield code='8'>221041683460008831</subfield><subfield code='j'>1</subfield><subfield code='b'>2200-WPR</subfield><subfield code='p'>1091082391</subfield><subfield code='c'>150000</subfield><subfield code='z'> ## rok wyd. : 2019.</subfield></datafield><datafield ind1=' ' ind2=' ' tag='852'><subfield code='b'>48OMNIS_WSE</subfield><subfield code='8'>990002902130307664</subfield></datafield><datafield ind1=' ' ind2=' ' tag='852'><subfield code='b'>48OMNIS_NLOP</subfield><subfield code='8'>991052555881705066</subfield></datafield><datafield ind1=' ' ind2=' ' tag='852'><subfield code='b'>48OMNIS_KPS</subfield><subfield code='8'>990007967330208415</subfield></datafield><datafield ind1=' ' ind2=' ' tag='852'><subfield code='b'>48OMNIS_KUL</subfield><subfield code='8'>991007993359706831</subfield></datafield><datafield ind1=' ' ind2=' ' tag='852'><subfield code='8'>221041683480008831</subfield><subfield code='j'>1</subfield><subfield code='h'>HV6768 .B47 2019</subfield><subfield code='b'>5100-BUW</subfield><subfield code='p'>1001201515</subfield><subfield code='c'>10002</subfield><subfield code='z'>HV6768 .B47 2019 egz.1; ## rok wyd. : 2019.</subfield></datafield><datafield ind1=' ' ind2=' ' tag='852'><subfield code='b'>48FAR_UGD</subfield><subfield code='8'>991008485119708343</subfield></datafield><datafield ind1=' ' ind2=' ' tag='852'><subfield code='b'>48OMNIS_UJA</subfield><subfield code='8'>991016537065705067</subfield></datafield><datafield ind1=' ' ind2=' ' tag='852'><subfield code='b'>48OMNIS_UKSW</subfield><subfield code='8'>991001740659707669</subfield></datafield><datafield ind1=' ' ind2=' ' tag='852'><subfield code='8'>22854186600008343</subfield><subfield code='j'>1</subfield><subfield code='b'>BPRAW</subfield><subfield code='p'>1101289155</subfield><subfield code='c'>80000</subfield><subfield code='z'>P.7.16.3 Bera</subfield></datafield><datafield ind1=' ' ind2=' ' tag='852'><subfield code='b'>48OMNIS_UOP</subfield><subfield code='8'>990008180680108206</subfield></datafield><datafield ind1=' ' ind2=' ' tag='852'><subfield code='b'>48OMNIS_UOW</subfield><subfield code='8'>991007073489708831</subfield></datafield><datafield ind1=' ' ind2=' ' tag='852'><subfield code='b'>48OMNIS_WBPO</subfield><subfield code='8'>991005066669707665</subfield></datafield><datafield ind1=' ' ind2=' ' tag='852'><subfield code='8'>22181909060006831</subfield><subfield code='j'>1</subfield><subfield code='h'>709420 II</subfield><subfield code='b'>BuKul</subfield><subfield code='p'>1001223061</subfield><subfield code='c'>BG_Magazyn</subfield></datafield><datafield ind1=' ' ind2=' ' tag='852'><subfield code='8'>22103009090007661</subfield><subfield code='j'>1</subfield><subfield code='b'>1000000</subfield><subfield code='p'>1009519029</subfield><subfield code='c'>U_WEN_Cz</subfield></datafield><datafield ind1=' ' ind2=' ' tag='920'><subfield code='a'>978-83-7972-298-3 (oprawa miękka)</subfield></datafield><datafield ind1=' ' ind2=' ' tag='950'><subfield code='u'>https://eu05.alma.exlibrisgroup.com/view/uresolver/48OMNIS_NETWORK/openurl?u.ignore_date_coverage=true&amp;portfolio_pid=5378400320007664&amp;Force_direct=true</subfield><subfield code='z'>spis treści</subfield><subfield code='8'>5378400320007664</subfield></datafield></record>
  </collection>
</resp>
